[Event "Milan Crespi op-B 34th"]
[Site "Milan"]
[Date "2013.12.06"]
[Round "3"]
[White "Costanza, Calogero"]
[Black "Bracco, Valter"]
[Result "1/2-1/2"]
[WhiteElo "1598"]
[BlackElo "1492"]
[PlyCount "66"]
[EventDate "2013.12.04"]
[EventType "swiss"]
[EventRounds "7"]
[EventCountry "ITA"]
[SourceTitle "EXT 2015"]
[Source "ChessBase"]
[SourceDate "2014.11.20"]
[SourceVersion "1"]
[SourceVersionDate "2014.11.20"]
[SourceQuality "1"]

1. d4 Nf6 2. Nf3 d6 3. e3 g6 4. Bd3 Bg7 5. Nbd2 0-0 6. c3 Nbd7 7. 0-0 e5 8. e4 Re8 9. Re1 Nb8 10. Qb3 Nbd7 11. Nf1 b6 12. Ng5 Rf8 13. Bc4 Qe7 14. Bd2 h6 15. Nf3 Bb7 16. Rad1 Bxe4 17. Nh4 Bb7 18. Nxg6 Qe8 19. Ng3 d5 20. Nxf8 dxc4 21. Qxc4 Kxf8 22. Qxc7 Bd5 23. Nf5 Qe6 24. Qd6+ Qxd6 25. Nxd6 e4 26. Nf5 Bxa2 27. Bxh6 Bxh6 28. Nxh6 Kg7 29. Nf5+ Kg6 30. Nd6 Bd5 31. Re3 a6 32. Rde1 b5 33. Rg3+ Kh7 1/2-1/2

[Event "Milan Crespi op-C 33rd"]
[Site "Milan"]
[Date "2012.12.07"]
[Round "3"]
[White "Ricci, Leonardo"]
[Black "Costanza, Calogero"]
[Result "1-0"]
[WhiteElo "1540"]
[BlackElo "1683"]
[PlyCount "67"]
[EventDate "2012.12.05"]
[EventType "swiss"]
[EventRounds "7"]
[EventCountry "ITA"]
[SourceTitle "EXT 2024"]
[Source "ChessBase"]
[SourceDate "2023.10.10"]
[SourceVersion "1"]
[SourceVersionDate "2023.10.10"]
[SourceQuality "1"]

1. e4 d6 2. d4 Nd7 3. Nf3 e6 4. Nc3 c6 5. Bd3 Qc7 6. Qe2 e5 7. d5 Ngf6 8. Bg5 Be7 9. 0-0-0 Nc5 10. dxc6 Nxd3+ 11. Qxd3 bxc6 12. Bxf6 gxf6 13. h3 Qb6 14. Qd2 Be6 15. b3 Rb8 16. g4 c5 17. Nd5 Qb7 18. Nxe7 Qxe7 19. Qxd6 Qxd6 20. Rxd6 Ke7 21. Rhd1 Rhd8 22. Rxd8 Rxd8 23. Rxd8 Kxd8 24. Kd2 c4 25. b4 Kc7 26. Kc3 Kb6 27. a4 a6 28. Nd2 Kc6 29. Nxc4 Bd7 30. f3 Kb7 31. a5 Bb5 32. h4 h6 33. g5 Bxc4 34. gxh6 1-0

[Event "Milan Crespi op-B 28th"]
[Site "Milan"]
[Date "2007.12.08"]
[Round "5"]
[White "Cani, Gazmir"]
[Black "Costanza, Calogero"]
[Result "1-0"]
[WhiteElo "1719"]
[BlackElo "1655"]
[PlyCount "113"]
[EventDate "2007.12.06"]
[EventType "swiss"]
[EventRounds "6"]
[EventCountry "ITA"]
[SourceTitle "EXT 2009"]
[Source "ChessBase"]
[SourceDate "2008.11.26"]
[SourceVersion "1"]
[SourceVersionDate "2008.11.26"]
[SourceQuality "1"]

1. e4 c5 2. Nf3 d6 3. d4 cxd4 4. Nxd4 Nf6 5. Nc3 a6 6. Bg5 e5 7. Nb3 Be7 8. Bxf6 Bxf6 9. Nd5 0-0 10. Bd3 Nc6 11. Nxf6+ Qxf6 12. c3 Be6 13. Nd2 Rfd8 14. Bc4 d5 15. exd5 Bxd5 16. Bxd5 Rxd5 17. Qe2 Rad8 18. Ne4 Qg6 19. 0-0 f5 20. Ng3 Rd2 21. Qc4+ Kf8 22. b4 b5 23. Qc5+ Kg8 24. Nxf5 Qxf5 25. Qxc6 R8d6 26. Qe8+ Qf8 27. Qxe5 R2d5 28. Qe1 Rd2 29. a4 h6 30. axb5 axb5 31. Qe4 R2d5 32. h3 Qc8 33. Rfc1 Qf8 34. Re1 Qc8 35. Qe8+ Qxe8 36. Rxe8+ Kf7 37. Re3 g5 38. Ra7+ Rd7 39. Rxd7+ Rxd7 40. Re5 Rb7 41. Kf1 Kf6 42. Rc5 Rb6 43. g4 Ke6 44. Ke2 Kd6 45. Ke3 Rb7 46. Kd4 Rb6 47. Rf5 Ke6 48. c4 bxc4 49. Kxc4 Rc6+ 50. Kb5 Rd6 51. Kc5 Rd2 52. b5 Rb2 53. Kc6 Ke7 54. b6 Rc2+ 55. Rc5 Rxc5+ 56. Kxc5 Kd7 57. Kd5 1-0